Countries with the Most UNESCO World Heritage Sites - Statistics

General Stats
  • This quiz has been taken 118 times
  • The average score is 18 of 20
Answer Stats
# of sites Answer % Correct
43 France
99%
53 Italy
97%
42 Germany
96%
31 United Kingdom
95%
23 United States
95%
53 China
94%
21 Brazil
93%
36 India
93%
21 Japan
93%
46 Spain
92%
28 Russia
91%
19 Australia
89%
34 Mexico
89%
18 Canada
88%
18 Greece
83%
22 Iran
75%
16 Turkey
75%
15 Poland
73%
15 Portugal
71%
15 Sweden
68%
No matching quizzes found
Score Distribution
Percent of People with Each Score
Percentile by Number Answered
Your Score History
You have not taken this quiz